| 000 | 00767nam a2200253 a 4500 | ||
|---|---|---|---|
| 999 |
_c10296 _d10296 |
||
| 001 | 10296 | ||
| 003 | BD-JhCC | ||
| 005 | 20180428105308.0 | ||
| 008 | 180423s1963 usa 000 1 eng d | ||
| 020 | _a822009307 | ||
| 035 | _a(BD-JhCC)10296 | ||
| 040 |
_aVDU _cVDU _dANL _dBD-JhCC |
||
| 041 | _aeng | ||
| 082 | 0 | 4 |
_a823.912 _220 _bROB 1963 |
| 100 | 1 |
_aRoberts, James L., _d1929- |
|
| 245 | 1 | 0 |
_aOf Human Bondage : _bnotes, including complete chapter summaries, characterizations, selected questions / _cJames L. Roberts, |
| 260 |
_aNebraska : _bCliff's Notes, _c1963. |
||
| 300 |
_a84 p. ; _c19 cm. |
||
| 504 | _aInclude bibliography | ||
| 650 | _aExaminations | ||
| 650 | _aOf human bondage (Maugham, W. Somerset) | ||
| 942 |
_2ddc _cBK |
||